| 000 | 01002nac a22003257a 4500 | ||
|---|---|---|---|
| 001 | BR0803374 | ||
| 003 | BR-BrBNA | ||
| 005 | 20240105123555.0 | ||
| 008 | 230509b bl.|||m| |||| 00| 0 por d | ||
| 040 |
_aBR-BrBNA _bpor _cBiblioteca Nacional de Agricultura |
||
| 072 | _aL01 | ||
| 090 | _a5300 BR0803374 | ||
| 100 | 1 | _aCosta, O.A.D. | |
| 100 | 1 | _aDiesel, R. | |
| 100 | 1 | _aLopes, E.J.C. | |
| 100 | 1 | _aHoldefer, C. | |
| 100 | 1 | _aColombo, S. | |
| 110 | 1 | _aEMBRAPA Suínos e Aves, Concórdia, SC (Brasil) | |
| 245 | 1 | _aSistema intensivo de suínos criados ao ar livre - SISCAL: dimensionamento de um sistema | |
| 260 | 3 |
_aConcórdia, SC (Brasil): _c2001. |
|
| 300 | _a5 p. | ||
| 490 |
_aComunicado Técnico - EMBRAPA Suínos e Aves (Brazil) _vno. 289 _xISSN 0100-8862 |
||
| 650 | _aSUÍNO | ||
| 650 | _aPLANEJAMENTO | ||
| 650 | _aCRIAÇÃO INTENSIVA | ||
| 650 | _aMANEJO | ||
| 650 | _aPRODUÇÃO ANIMAL | ||
| 909 |
_a202312 _bLúcia Elande _c55 _dLúcia Elande |
||
| 942 |
_2AGRIS _n0 _cMS |
||
| 999 |
_c296054 _d296054 |
||